| 000 | 00359nam a2200157Ia 4500 | ||
|---|---|---|---|
| 005 | 20250508054750.0 | ||
| 008 | 240331s9999 xx 000 0 und d | ||
| 020 | _a8187477040 | ||
| 082 |
_bAMB _a891 |
||
| 100 | _aAmbai, | ||
| 245 | 0 | _aKatil oru maan | |
| 260 |
_aNagercoil _bKalachuvadu _c2000 |
||
| 300 | _a168 p ., | ||
| 650 | _aShort Stories | ||
| 942 | _cL | ||
| 999 |
_c4294 _d4294 |
||